000 01328nam a2200361 i 4500
001 000004949
003 DO-SdBNP
005 20250621074004.0
007 ta
008 090728s1991 dr ab 000 0 spa d
040 _aDO-SdBNP
_bspa
_cBNPHU
_erda
041 _aspa
082 4 _a303.482729307291
_bD473o 1991
_222
100 _aDespradel, Fidelio,
_d1937-
_eautor
_4aut.
_974070
245 1 0 _aOperación verdad :
_bde héroes y traidores /
_cFidelio Desparadel.
250 _aSegunda edición
264 1 _aSanto Domingo :
_bEditora Alfa & Omega,
_c1991.
300 _a238 páginas :
_bilustraciones, retratos ;
_c21 cm.
336 _atexto
_btxt
_2rdacontent
337 _asin mediación
_bn
_2rdamedia
338 _avolumen
_bnc
_2rdacarrier
590 _aInventariado, 2018/BT
600 1 4 _aDespradel, Fidelio
_9324
600 1 0 _aMañón, Melvin
_910427
600 1 4 _aCaamaño Deñó, Francisco Alberto
_914288
610 2 0 _a14 de Junio (Organización : República Dominicana)
_914289
651 4 _aRepública Dominicana
_xHistoria
_yRevolución, 1973
_914290
651 0 _aRepública Dominicana
_xPolítica y gobierno
_945
651 4 _aRepública Dominicana
_xRelaciones
_zCuba
_914291
651 4 _aCuba
_xRelaciones
_zRepública Dominicana
_914292
910 _aValidado. Control de calidad. MMOLINA
942 _2ddc
_cLBS1
999 _c4755
_d4755